Регионална библиотека "Любен Каравелов" - Русе

Българският език в правила и задачи (Запис номер 157828)

MARC детайли
000 -Лидер
Контролно поле с фиксирана дължина 01555nam a2200385 c 4500
003 - Код на организацията, давaща контролен номер
Контролно поле BLK
005 - Дата и час на последна редакция
Контролно поле 20250621135702.0
008 - Елементи от данни с фиксирана дължина
fixed length control field 180410b bul|||||r ||||||| ||bul||
010 ## - Наследен системен номер
LC control number KNG00164779000
020 ## - Международен стандартен номер на книга ISBN
Международен стандартен номер на книга ISBN 978-954-01-2756-9
040 ## - Източник на каталожния запис
Идентификатор на билиотеката - собственик на записа BLK
041 ## - Код за език
Код за езика на текст/звукозапис или на отделно заглавие Български
Код за езика КДБФ Български
072 #7 - Код за тематичната категория
Код организация bullib
Код за тематична категория Н80
Текст Езикознание Н
080 ## - УДК
Текстов определител УДК Български език
УДК код - определител по УДК 811.163.2
УДК определител (076)(075.3)
УДК - код + определител 811.163.2(076)(075.3)
100 1# - Редна дума - Автор
Автор Станчева, Руска Събева
Авторска отговорност първи автор
R(LIN) 378165
139 ## - Редно поле
Редна дума Станчева, Руска Събева и др.
Авторски знак Станч - С 70
245 10 - Сведения за заглавието
Заглавие Българският език в правила и задачи
Подзаглавни данни За гимназисти и зрелостници
Редно поле (дума) Руска Събева Станчева; съавт. Весела Василева Михайлова.
257 ## - Страна на издаване
Страна на създаване/издаване България
260 ## - Област на издателските данни
Име на издателя, разпространителя и проч. Просвета
Година на издаване 2013
Печатница София : Воен. изд.
300 ## - Физическа характеристика
Страници 88 с.
Размери/Мащаб 24 см
380 ## - Жанр
Жанр Езикознание. Филология
650 #4 - Допълнително описание по предмет – тема
Основно описание – тема или топоним Български език - учебници за средни училища
9 (RLIN) 246721
653 ## - Ключова дума – ненормативна
Ключова дума български език
653 ## - Ключова дума – ненормативна
Ключова дума учебни помагала
653 ## - Ключова дума – ненормативна
Ключова дума средно образование
659 ## - Тематичен бюлетин
Тематичен бюлетин Н
700 1# - Други автори (авторска отговорност)
Лично име Михайлова, Весела Василева
9 (RLIN) 97747
852 ## - Местоположение
Форматна сигнатура Цб 270721
856 4# - Електронен адрес и достъп
Електронен формат pdf - файл
856 4# - Електронен адрес и достъп
Електронен формат pdf - файл
999 ## - СИСТЕМНИ КОНТРОЛНИ НОМЕРА
Koha biblionumber 157828
Koha biblioitemnumber 157828
942 ## - АРТИКУЛИ
Вид на библиотечния материал Книги
Скрит в OPAC Не
Периодичен библиозапис Да
Koha issues (borrowed), all copies 3
944 ## - СЪЗДАВАНЕ И РЕДАКЦИЯ на ЗАПИСА
Създаване/Редакция Създаване
Дата на регистрацията/редакция 05.09.2014
Служител, извършил регистрацията/редакцията 30534
Статус, дата на статуса Радостина Карадакова
944 ## - СЪЗДАВАНЕ И РЕДАКЦИЯ на ЗАПИСА
Създаване/Редакция Редакция
Дата на регистрацията/редакция 27.04.2015
Служител, извършил регистрацията/редакцията Геновева_Генчева
999 ## - СИСТЕМНИ КОНТРОЛНИ НОМЕРА
Koha biblioitemnumber 157828
Наличности
Код за отписване Код за изгубен артикул Код за повреда Коз за рестрикции Код за отдаване Артикулен № Име на библиотеката - собственик Име на библиотеката, в която се намира в момента Статус (Текущо местоположение) Дата на вписване в системата Местоположение - отдел Цена в лева Инвентарен номер Систематично азбучна сигнатура Баркод Номер на екземпляра Цена в евро Служебна бележка Служебен тип на артикула Източник на класификационната схема
  Не е изгубен Не е повреден без рестрикции ползва се в читалня 264238 Регионална библиотека "Любен Каравелов" Русе Регионална библиотека "Любен Каравелов" Русе Хранилище 2014-09-09 Хранилище 4.90 120000780581 Цб 270721 120000780581 1 2.51 Дост: Dp Вид: Д N: 49 Дата: 01.12.2013 Книги  
Изтеглен Не е изгубен Не е повреден   заемане за дома 750167 Регионална библиотека "Любен Каравелов" Русе Регионална библиотека "Любен Каравелов" Русе Заемна - подръчен фонд 2019-12-02 Заемна - подръчен фонд 5.02   П 808.7/С 70 120000838466   2.57   Книги Universal Decimal Classification
  Не е изгубен Не е повреден   заемане за дома 750168 Регионална библиотека "Любен Каравелов" Русе Регионална библиотека "Любен Каравелов" Русе Заемна - подръчен фонд 2019-12-02 Заемна - подръчен фонд 5.02   811.163.2/С 70 Р 120000838468   2.57   Книги Universal Decimal Classification
  Не е изгубен Не е повреден   заемане за дома 750169 Регионална библиотека "Любен Каравелов" Русе Регионална библиотека "Любен Каравелов" Русе Заемна - подръчен фонд 2019-12-02 Заемна - подръчен фонд 5.02   811.163.2/С 70 Р 120000838469   2.57   Книги Universal Decimal Classification
  Не е изгубен Не е повреден   заемане за дома 750170 Регионална библиотека "Любен Каравелов" Русе Регионална библиотека "Любен Каравелов" Русе Заемна - подръчен фонд 2019-12-02 Заемна - подръчен фонд 5.02   811.163.2/С 70 Р 120000838465   2.57   Книги Universal Decimal Classification
Изтеглен Не е изгубен Не е повреден   заемане за дома 750171 Регионална библиотека "Любен Каравелов" Русе Регионална библиотека "Любен Каравелов" Русе Заемна - подръчен фонд 2019-12-02 Заемна - подръчен фонд 5.02   П 808.7/С 70 120000838467   2.57   Книги Universal Decimal Classification
Vip Innovations Ltd, Rousse, Bulgaria 2025